| 000 | 01426cad a22002775a 4500 | ||
|---|---|---|---|
| 001 | E152943 | ||
| 002 | ## | ||
| 008 | 110517s2011 xxk 000 0 eng u | ||
| 020 | _a9781842196656 | ||
| 035 | _a(Sirsi) u152943 | ||
| 041 | 0 | _aeng | |
| 050 | 0 | 4 | _a368.1 $2 18 |
| 110 | 2 |
_aRoyal Institution of Chartered Surveyors _94900 |
|
| 245 | 0 | 0 |
_aReinstatement cost assessments of buildings _h[electronic resource] |
| 250 | _a2nd ed. | ||
| 260 |
_aCoventry _bRICS _c2011 |
||
| 300 |
_a23p. _c30cm. |
||
| 490 | 0 |
_aRICS Guidance Note _v(GN 4/2011) |
|
| 520 | _aIntroduces an element of uniformity in the approach to assessments for building insurance purposes. Identifies the steps that need to be taken in accepting an introduction and includes detailed guidance on the procedures which need to be followed, the nature and extent of information to be collated, the manner of processing this information and the way the assessment should be calculated. | ||
| 520 | _aSuperseded by third edition (ISBN 9781783212224), June 2018. | ||
| 590 | _aKA | ||
| 651 | 4 |
_aUnited Kingdom _y |
|
| 690 | _aPROPERTY-PROPERTY VALUATION AND APPRAISAL-INSURANCE VALUATION-PROPERTY INSURANCE ASSESSMENT-REINSTATEMENT COST ASSESSMENT | ||
| 856 | 4 | 1 |
_uhttps://www.rics.org/Global/Downloads/Reinstatement_cost_assessments_of_buildings_2nd_edition_PGguidance_2011.pdf _zView the guidance free of charge (members only) at www.rics.org |
| 942 | _n0 | ||
| 999 |
_c112285 _d112285 |
||